| 000 | 00438nam a22001457a 4500 | ||
|---|---|---|---|
| 003 | SGT | ||
| 082 |
_a617.63 _bA23N |
||
| 100 | _aNegi, Rachana | ||
| 245 | _aAnalysis of Posterior Superior Alveolar Artery and Canalis Sinuosus using Cone beam Computed Tomography | ||
| 260 |
_aGurugram, Haryana _bSGT University _c2023 |
||
| 300 | _a190 | ||
| 650 | _aOral Medicine and Radiology | ||
| 653 | _aOral Medicine and Radiology | ||
| 942 |
_2ddc _cTH |
||
| 999 |
_c23794 _d23794 |
||